000 00678nam a2200205Ia 4500
003 GCL
008 140319s9999 xx 000 0 ara d
020 _a817801977
040 _aGCL /
_cGCL
082 0 4 _a189.1
_bأ أ
100 1 _aابراهيم مدكور
245 1 0 _aابونصر الفارابى فى الذكرى الالفيه لوفاته 950م /
_cابراهيم مدكور
250 _aالاولى
260 _aالقاهرة :
_bالهيئة المصرية العامة للكتاب ،
_c1983
300 _a355 ص ؛
_c24سم
650 0 4 _aالفلسفة الاسلامية
650 0 4 _aالفلسفة
650 0 4 _aالفارابى
942 _2ddc
_cBK
999 _c28529
_d28529